[Event "FIDE World Cup (Women)"]
[Site "Baku"]
[Date "2023.08.03"]
[Round "2.2"]
[White "Divya, Deshmukh"]
[Black "Hoang, Thanh Trang"]
[Result "1-0"]
[WhiteElo "2400"]
[BlackElo "2402"]
[PlyCount "105"]
[EventDate "2023.07.30"]
[EventType "k.o."]
[EventRounds "7"]
[EventCountry "AZE"]
[SourceTitle "CBM 216"]
[Source "ChessBase"]
[SourceDate "2023.10.31"]
[SourceVersion "1"]
[SourceVersionDate "2023.10.31"]
[SourceQuality "1"]

1. d4 e6 2. c4 f5 3. Nf3 Nf6 4. g3 c6 5. Nc3 d5 6. Bf4 Bd6 7. e3 0-0 8. Bd3 Ne4 9. 0-0 Be7 10. h4 Nd7 11. Rc1 Ndf6 12. Ne5 Nd7 13. Nf3 Ndf6 14. c5 Bd7 15. Ne5 Be8 16. Ne2 Nd7 17. b4 h6 18. Nxd7 Qxd7 19. Be5 Nf6 20. f3 Bd8 21. a4 Bc7 22. Qb3 Qe7 23. Qb2 g5 24. hxg5 hxg5 25. Qd2 Bh5 26. e4 Nh7 27. Bxc7 Qxc7 28. e5 Qg7 29. b5 Rf7 30. Kf2 Rc7 31. Rh1 Bg6 32. Rb1 Re7 33. a5 cxb5 34. Rxb5 Be8 35. Rb2 a6 36. Rb6 Nf8 37. Nc3 Bc6 38. Na2 Nd7 39. Rbb1 Rf8 40. Rh5 Kf7 41. Rbh1 Ke8 42. Rxg5 Qf7 43. Nb4 Nb8 44. Rh6 Kd7 45. Rgg6 Rg8 46. Rf6 Qe8 47. Rxe6 Rxe6 48. Bxf5 Kc7 49. Bxe6 Rh8 50. Nxd5+ Bxd5 51. Bxd5 Qd8 52. Rxh8 Qxh8 53. Kg2 1-0

[Event "FIDE World Cup (Women)"]
[Site "Baku"]
[Date "2023.08.02"]
[Round "2.1"]
[White "Hoang, Thanh Trang"]
[Black "Divya, Deshmukh"]
[Result "1/2-1/2"]
[WhiteElo "2402"]
[BlackElo "2400"]
[PlyCount "82"]
[EventDate "2023.07.30"]
[EventType "k.o."]
[EventRounds "7"]
[EventCountry "AZE"]
[SourceTitle "CBM 216"]
[Source "ChessBase"]
[SourceDate "2023.10.31"]
[SourceVersion "1"]
[SourceVersionDate "2023.10.31"]
[SourceQuality "1"]

1. d4 d5 2. Nf3 Nf6 3. e3 c5 4. Nbd2 Nc6 5. Bb5 cxd4 6. exd4 Bf5 7. 0-0 Qb6 8. c4 a6 9. Bxc6+ bxc6 10. c5 Qc7 11. Ne5 Nd7 12. Ndf3 f6 13. Nxd7 Qxd7 14. Re1 g5 15. Nd2 Bg7 16. Nb1 0-0 17. Nc3 h6 18. Na4 Rae8 19. Nb6 Qb7 20. f3 e5 21. Be3 Bg6 22. Qd2 Qc7 23. h4 exd4 24. Bxd4 gxh4 25. Rxe8 Rxe8 26. Re1 f5 27. Rxe8+ Bxe8 28. f4 Bxd4+ 29. Qxd4 Qe7 30. Kf2 Qe4 31. Qe5 Qc2+ 32. Kg1 Qxc5+ 33. Kh2 Qf8 34. Nc8 Bd7 35. Ne7+ Kf7 36. Nxc6 Bxc6 37. Qc7+ Qe7 38. Qxc6 Qe4 39. Qxh6 d4 40. Qh7+ Kf8 41. Qh8+ Kf7 1/2-1/2

[Event "FIDE World Cup (Women)"]
[Site "Baku"]
[Date "2023.07.31"]
[Round "1.2"]
[White "Hoang, Thanh Trang"]
[Black "Abdi, Zineb Dina"]
[Result "1-0"]
[WhiteElo "2402"]
[BlackElo "1858"]
[PlyCount "69"]
[EventDate "2023.07.30"]
[EventType "k.o."]
[EventRounds "7"]
[EventCountry "AZE"]
[SourceTitle "CBM 216"]
[Source "ChessBase"]
[SourceDate "2023.10.31"]
[SourceVersion "1"]
[SourceVersionDate "2023.10.31"]
[SourceQuality "1"]

1. d4 d5 2. c4 e6 3. Nf3 Nf6 4. g3 Be7 5. Bg2 0-0 6. 0-0 dxc4 7. Qc2 a6 8. a4 Nbd7 9. Rd1 c5 10. Nbd2 Nd5 11. Nxc4 Qc7 12. e4 Nb4 13. Qe2 cxd4 14. Nxd4 b6 15. Bf4 Qd8 16. Rac1 Bc5 17. Nb3 Be7 18. Nd6 e5 19. Be3 Bxd6 20. Rxd6 Qe7 21. Qd2 a5 22. Rc7 Na6 23. Rcxd7 Bxd7 24. Rxd7 Qe6 25. Qd5 Qxd5 26. Rxd5 Rfd8 27. Rxd8+ Rxd8 28. Bf1 Rd1 29. Bxb6 Nb4 30. Bxa5 Nd3 31. Bc3 Rb1 32. a5 Nxb2 33. Nd2 Ra1 34. Bxb2 Rxa5 35. Nc4 1-0

[Event "HUN-ch Rapid"]
[Site "Ajka"]
[Date "2023.07.22"]
[Round "6"]
[White "Hoang, Thanh Trang"]
[Black "Kolimar, Kristof Pal"]
[Result "1-0"]
[WhiteElo "2402"]
[BlackElo "2276"]
[PlyCount "96"]
[EventDate "2023.07.21"]
[EventType "swiss (rapid)"]
[EventRounds "13"]
[EventCountry "HUN"]
[SourceTitle "CBM 215 Extra"]
[Source "ChessBase"]
[SourceDate "2023.09.30"]
[SourceVersion "1"]
[SourceVersionDate "2023.09.30"]
[SourceQuality "1"]

1. d4 Nf6 2. Nf3 b6 3. e3 Bb7 4. Bd3 e6 5. 0-0 c5 6. c4 Be7 7. Nc3 cxd4 8. exd4 d6 9. Re1 Nbd7 10. h3 0-0 11. Bf4 a6 12. Rc1 Rc8 13. a3 Re8 14. b4 Nf8 15. Bh2 h6 16. Nd2 N8d7 17. a4 e5 18. d5 a5 19. bxa5 bxa5 20. Nb5 Nc5 21. Bf5 Ra8 22. f4 Nfd7 23. fxe5 Nxe5 24. Bxe5 dxe5 25. Rxe5 Bf6 26. Rxe8+ Qxe8 27. Qe1 Qd8 28. Ne4 Nxa4 29. Nxf6+ Qxf6 30. Bg4 Nc5 31. Qe3 Qg5 32. Qxg5 hxg5 33. d6 Rd8 34. Re1 Bc6 35. Re5 Nd7 36. Rxg5 Nf6 37. Bf3 Bxb5 38. Rxb5 Rxd6 39. Rxa5 Kf8 40. c5 Rd7 41. Kf2 Rc7 42. Ke3 Ke7 43. Kd4 Nd7 44. c6 Nf6 45. Kc5 Ke6 46. Kb6 Ne8 47. Rd5 Nf6 48. Rd6+ Ke5 1-0

[Event "HUN-ch Rapid"]
[Site "Ajka"]
[Date "2023.07.22"]
[Round "9"]
[White "Predke, Alexandr"]
[Black "Hoang, Thanh Trang"]
[Result "1/2-1/2"]
[WhiteElo "2651"]
[BlackElo "2402"]
[PlyCount "122"]
[EventDate "2023.07.21"]
[EventType "swiss (rapid)"]
[EventRounds "13"]
[EventCountry "HUN"]
[SourceTitle "CBM 215 Extra"]
[Source "ChessBase"]
[SourceDate "2023.09.30"]
[SourceVersion "1"]
[SourceVersionDate "2023.09.30"]
[SourceQuality "1"]

1. e4 e6 2. d4 d5 3. e5 c5 4. c3 Nc6 5. Nf3 Qb6 6. Be2 cxd4 7. cxd4 Nge7 8. Na3 Nf5 9. Nc2 Bd7 10. 0-0 Rc8 11. Kh1 Na5 12. Nce1 Bb5 13. Nd3 Nc6 14. Be3 Nb4 15. a4 Bxd3 16. Bxd3 Nxd3 17. Qxd3 Nxe3 18. fxe3 Be7 19. Rac1 0-0 20. Rc3 Rc6 21. e4 Qxb2 22. Rxc6 bxc6 23. exd5 cxd5 24. Rb1 Qa2 25. Rb7 Qa1+ 26. Qb1 Qxb1+ 27. Rxb1 a5 28. Rb7 Bb4 29. Rc7 h6 30. Kg1 Rd8 31. Kf2 Kf8 32. g4 Ke8 33. h4 Rd7 34. Rc8+ Rd8 35. Rc7 Rd7 36. Rc6 Kd8 37. h5 Rc7 38. Ra6 Kd7 39. g5 Rc6 40. Ra7+ Rc7 41. Ra8 Rc8 42. Ra6 Rc6 43. Ra8 Rc8 44. Rxc8 Kxc8 45. g6 Kd7 46. Ke3 Ke7 47. Nh2 f6 48. Ng4 fxe5 49. dxe5 Bc3 50. Kd3 Bb2 51. Kd2 Bd4 52. Ke2 Bc3 53. Ke3 Bb2 54. Kd3 Ba1 55. Ke3 Bb2 56. Kf3 Bc3 57. Kf4 Bd2+ 58. Kf3 Bc3 59. Ke2 Bd4 60. Kd2 Bb2 61. Kd3 Ba1 1/2-1/2

[Event "HUN-ch Rapid"]
[Site "Ajka"]
[Date "2023.07.21"]
[Round "3"]
[White "Van Foreest, Jorden"]
[Black "Hoang, Thanh Trang"]
[Result "1-0"]
[WhiteElo "2693"]
[BlackElo "2402"]
[PlyCount "95"]
[EventDate "2023.07.21"]
[EventType "swiss (rapid)"]
[EventRounds "13"]
[EventCountry "HUN"]
[SourceTitle "CBM 215 Extra"]
[Source "ChessBase"]
[SourceDate "2023.09.30"]
[SourceVersion "1"]
[SourceVersionDate "2023.09.30"]
[SourceQuality "1"]

1. c4 e6 2. Nc3 f5 3. g3 Nf6 4. Bg2 d5 5. d4 c6 6. Nf3 Bd6 7. 0-0 0-0 8. Rb1 Nbd7 9. Qd3 Ne4 10. Bf4 Bxf4 11. gxf4 Qe7 12. Kh1 Ndf6 13. Ne5 Bd7 14. f3 dxc4 15. Nxc4 Nd6 16. Ne5 Nf7 17. e3 Rad8 18. b4 Nxe5 19. fxe5 Nd5 20. f4 Nxb4 21. Qc4 a5 22. Rfc1 Be8 23. Qe2 Nd5 24. Na4 Kh8 25. Bxd5 cxd5 26. Nc5 b5 27. a4 b4 28. Qa6 Bf7 29. Qxa5 g5 30. Qxb4 gxf4 31. exf4 Qh4 32. Qd2 Rg8 33. Rg1 Bh5 34. Qe3 Bg4 35. Nxe6 Qh5 36. Rg3 Rb8 37. Rbg1 Rb2 38. h3 Rg6 39. Ng5 h6 40. Qa3 Rf2 41. Qf8+ Rg8 42. Qf6+ Rg7 43. Rc1 hxg5 44. Rc8+ Kh7 45. Qf8 gxf4 46. Qh8+ Kg6 47. Rc6+ Kg5 48. Qd8+ 1-0